Promotional management /

Bibliographic Details
Main Author: Govoni, Norman A. P.
Other Authors: Eng, Robert J., Galper, Morton
Format: Book
Language:English
Published: Englewood Cliffs, N.J. : Prentice-Hall, [1986]
Subjects:

MARC

Tag First Indicator Second Indicator Subfields
LEADER 00000pam a2200000 a 4500
001 in00000410708
005 20151012050632.0
008 850425s1986 nju b 00110 eng
010 |a  85009423  
020 |a 0137310196 
035 |a (OCoLC)12052234 
035 |9 ABT0588AM 
039 0 |a 2  |b 3  |c 3  |d 3  |e 3 
040 |a DLC  |c DLC  |d TXA  |d UtOrBLW 
049 |a TXAM  |c [A09240832] 
050 0 0 |a HF5415  |b .G6243 1986 
082 0 |a 658.8/2  |2 19 
100 1 |a Govoni, Norman A. P. 
245 1 0 |a Promotional management /  |c by Norman Govoni, Robert Eng, Morton Galper. 
264 1 |a Englewood Cliffs, N.J. :  |b Prentice-Hall,  |c [1986] 
264 4 |c ©1986 
300 |a xiii, 578 pages ;  |c 24 cm. 
336 |a text  |b txt  |2 rdacontent 
337 |a unmediated  |b n  |2 rdamedia 
338 |a volume  |b nc  |2 rdacarrier 
504 |a Includes bibliographies and index. 
650 0 |a Marketing. 
650 0 |a Sales promotion. 
700 1 |a Eng, Robert J. 
700 1 |a Galper, Morton. 
999 |a MARS 
999 f f |s ed613a08-38fc-3628-a160-1a466e3790d3  |i 62626581-bfbf-3f56-8720-431a589dcfe0  |t 0 
952 f f |p ric  |a Texas A&M University  |b Rellis Campus  |c Joint Library Facility  |s JLF  |d Remote Storage  |t 0  |e HF5415 .G6243 1986  |h Library of Congress classification  |i unmediated -- volume  |m A14809240832 
998 f f |a HF5415 .G6243 1986  |t 0  |l Remote Storage